| 000 | 01651cam a2200169 4500500 | ||
|---|---|---|---|
| 005 | 20260208010716.0 | ||
| 041 | _afre | ||
| 042 | _adc | ||
| 100 | 1 | 0 |
_aLorvellec, Yves _eauthor |
| 245 | 0 | 0 | _aThierry Paquot et Chris Younès (dir.), Philosophie de l’environnement et milieux urbains, Paris, La Découverte, 2010, 184 p. |
| 260 | _c2011. | ||
| 500 | _a84 | ||
| 520 | _aRésuméNous proposons de montrer une rupture que la tradition interprétative médiévale du passage 16a3-8 du De interpretatione a subie dans la seconde moitié du xiiie siècle. On met ainsi en évidence que, dans cette même période, s’est façonnée une nouvelle théorie de la signification, qu’on retrouve notamment dans l’œuvre de théologiens franciscains ou proches des idées franciscaines, opposée sur des points fondamentaux à celle qui a été transmise par Boèce dans son deuxième commentaire du De interpretatione. | ||
| 520 | _aThe aim of this article is to describe a rupture that occurred in the second half of the 13th century concerning the interpretation of the passage 16a3-8 of the De interpretatione. We also discuss a new theory of signification which arose during the same period, a theory found in the works of Franciscan theologians or of theologians close to the Franciscan tradition. This theory is fundamentally opposed to the one transmitted by Boethius in his second commentary on the De interpretatione. | ||
| 786 | 0 | _nRevue philosophique de la France et de l'étranger | 136 | 1 | 2011-03-16 | p. 85a-86a | 0035-3833 | |
| 856 | 4 | 1 | _uhttps://shs.cairn.info/revue-philosophique-2011-1-page-85a?lang=fr&redirect-ssocas=7080 |
| 999 |
_c1657833 _d1657833 |
||